El Parlament de Catalunya : les eleccions del 20 de març de 1980 = las elecciones del 20 de marzo de 1980 / Generalitat de Catalunya les eleccions del 20 de març de 1980 = las elecciones del 20 de marzo de 1980 / Generalitat de Catalunya
Descripción Física:
16,16 p. : il. ; 15 x 21 cm
MARC
| LEADER | 00000nam a2200000Ia 4500 | ||
|---|---|---|---|
| 001 | 15428 | ||
| 008 | 160829s9999 xx 000 0 cat d | ||
| 080 | |a FU-37-31 | ||
| 245 | |a El Parlament de Catalunya : |b les eleccions del 20 de març de 1980 = las elecciones del 20 de marzo de 1980 / Generalitat de Catalunya | ||
| 260 | |a [Barcelona] : |b la Generalitat, [1980?] | ||
| 300 | |a 16,16 p. : |b il. ; |c 15 x 21 cm | ||
| 590 | |a Text bilingüe català i castellà en forma capiculada | ||
| 610 | 1 | 0 | |a Catalunya. |b Parlament |9 11492 |
| 610 | 1 | 0 | |a Catalunya. |b Parlament |9 56505 |x Eleccions |y 1980 |
| 650 | |a Eleccions |x Catalunya |9 31539 | ||
| 710 | 1 | |a Catalunya. |b Generalitat |9 12125 | |
| 901 | |a Arxiu | ||
| 942 | |n 1 |2 udc | ||
| 952 | |0 0 |1 0 |4 0 |6 FU3731 |7 1 |9 45660 |a Arxiu |b Arxiu |d 2016-12-01 |l 0 |o FU-37-31 |p 15428 |r 2016-12-01 00:00:00 |w 2016-12-01 |y ARXIU | ||
| 999 | |c 49160 |d 49160 | ||